|
|
|
|
| LEADER |
00947naa a2200193 i 4500 |
| 001 |
acta62589 |
| 005 |
20260224081030.0 |
| 008 |
191111s2015 hu o 100 hun d |
| 020 |
|
|
|a 978 963 306 412 2
|
| 040 |
|
|
|a SZTE Egyetemi Kiadványok Repozitórium
|b hun
|
| 041 |
|
|
|a hun
|
| 100 |
2 |
|
|a Z. Karvalics László
|
| 245 |
1 |
0 |
|a Kiindulópontok a DIK-modell dekonstruálásához, avagy a tudásmenedzsment egyik "szent tehenének" végnapjai = Approaching the deconstruction of DIK-model
|h [elektronikus dokumentum] :
|b the last days of knowledge management’s one sacred cow /
|c Z. Karvalics László
|
| 260 |
|
|
|c 2015
|
| 300 |
|
|
|a 240-253
|
| 490 |
0 |
|
|a Tudásteremtés és -alkalmazás a modern társadalomban : tanumánykötet
|
| 695 |
|
|
|a Tudásmenedzsment
|
| 710 |
|
|
|a Tudásteremtés és -alkalmazás a modern társadalomban (2015) (Szeged)
|
| 856 |
4 |
0 |
|u http://acta.bibl.u-szeged.hu/62589/1/tudasteremtes_tanulmanykotet_240-253.pdf
|z Dokumentum-elérés
|